| 000 | 00903nam a2200313Ia 4500 | ||
|---|---|---|---|
| 003 | GCL | ||
| 008 | 140319s9999 xx 000 0 ara d | ||
| 040 |
_aGCL / _cGCL |
||
| 082 | 0 | 4 |
_a330.1543 _bهـ ن |
| 100 | 1 | _aمتوكل عباس مهلهل | |
| 245 | 1 | 0 |
_aنظرية اقتصاديات الوحدة اسلوب رياضى / _cمتوكل عباس مهلهل |
| 700 | 1 | _aهندرسون , جيمس | |
| 700 | 1 | _aكوانرت, ريتشارد | |
| 260 |
_a[S.N] : _bدار المريخ للنشر ، _c1980 |
||
| 300 | _a508 ص | ||
| 490 | _a | ||
| 650 | 0 | 4 | _aالاقتصاد |
| 650 | 0 | 4 | _aنظريات |
| 650 | 0 | 4 | _aالرياضيات |
| 650 | 0 | 4 | _aالسلوك |
| 650 | 0 | 4 | _aالسلع |
| 650 | 0 | 4 | _aالاحتكار |
| 650 | 0 | 4 | _aراس المال |
| 650 | 0 | 4 | _aالدخل |
| 650 | 0 | 4 | _aالسوق |
| 650 | 0 | 4 | _aالمستهلك |
| 650 | 0 | 4 | _aالدوال |
| 942 |
_2ddc _cBK |
||
| 999 |
_c30707 _d30707 |
||